Arqueología urbana en el área central de la ciudad de Córdoba, Argentina : excavaciones en la sede Corporativa del Banco de la Provincia de Córdoba (2014-2016) /

This work is part of a line of action proposed by the Institute of Anthropology of Córdoba (IDACOR), doubly dependent executing unit of the National Council of Scientific and Technical Research (CONICET) and the National University of Cordoba (UNC). This action requires the intervention of professio...

وصف كامل

محفوظ في:

المؤلف الرئيسي: Izeta, Andrés D. (مؤلف)

التنسيق: كتاب الكتروني

اللغة: Spanish

منشور في: Oxford : Archaeopress Publishing Ltd, [2017]

سلاسل: Access archaeology.
South American archaeology series 29.

الموضوعات:

الوصول للمادة أونلاين: Login to view Source

الوسوم: إضافة وسم

لا توجد وسوم, كن أول من يضع وسما على هذه التسجيلة!

رقم الطلب: F3011.C7

LEADER 02334nam a2200469 i 4500
001 EDZ0001703042
003 StDuBDS
005 20230412181951.0
006 m|||||o||d||||||||
007 cr |||||||||||
008 170627t20172017enka fob 000|0|spa|d
020 |a 9781784916091 (ebook) :  |c No price 
040 |a StDuBDS  |b eng  |c StDuBDS  |e rda  |e pn 
041 0 |a spa  |b eng 
050 4 |a F3011.C7 
082 0 4 |a 982.54  |2 23 
100 1 |a Izeta, Andrés D.,  |e author. 
245 1 0 |a Arqueología urbana en el área central de la ciudad de Córdoba, Argentina :  |b excavaciones en la sede Corporativa del Banco de la Provincia de Córdoba (2014-2016) /  |c Andres D. Izeta [and six others]. 
264 1 |a Oxford :  |b Archaeopress Publishing Ltd,  |c [2017] 
264 4 |c ©2017 
300 |a 1 online resource :  |b illustrations (black and white, and colour). 
336 |a text  |2 rdacontent 
336 |a still image  |2 rdacontent 
337 |a computer  |2 rdamedia 
338 |a online resource  |2 rdacarrier 
490 1 |a Access archaeology 
490 1 |a South American archaeology series ;  |v 29 
500 |a Previously issued in print: 2017. 
504 |a Includes bibliographical references. 
520 8 |a This work is part of a line of action proposed by the Institute of Anthropology of Córdoba (IDACOR), doubly dependent executing unit of the National Council of Scientific and Technical Research (CONICET) and the National University of Cordoba (UNC). This action requires the intervention of professional archaeologists in order to evaluate the impact produced by subsurface excavation in cases related to the development of real estate projects. 
521 |a Specialized. 
546 |a Text in Spanish with abstract in English. 
588 |a Description based on online resource; title from home page (viewed on June 27 2017). 
651 0 |a Córdoba (Argentina)  |x History. 
650 0 |a Excavations (Archaeology)  |z Argentina  |z Córdoba. 
776 0 8 |i Print version :  |z 9781784916084 
830 0 |a Access archaeology. 
830 0 |a South American archaeology series  |v 29. 
856 4 0 |3 Archaeopress  |u http://library.arce.org:8087/Archaeopress/Products/9781784916084 
942 |2 lcc  |c EBOOK 
952 |0 0  |1 0  |4 0  |6 F3011 C7  |7 1  |9 46277  |a ARCH  |b ARCH  |d 2023-04-12  |l 0  |o F3011.C7  |r 2023-04-12 00:00:00  |w 2023-04-12  |y EBOOK 
999 |c 51935  |d 51935